El espectador emancipado (Registro nro. 5249)

Detalles MARC
000 -CABECERA
campo de control de longitud fija 00920cam a2200301 4500
001 - NÚMERO DE CONTROL
campo de control a4732021
003 - IDENTIFICADOR DEL NÚMERO DE CONTROL
campo de control SpMaBN
005 - FECHA Y HORA DE LA ÚLTIMA TRANSACCIÓN
campo de control 20210820121443.0
008 - DATOS DE LONGITUD FIJA--INFORMACIÓN GENERAL
campo de control de longitud fija 210820b xxu||||| |||| 00| 0 spa d
020 ## - NÚMERO INTERNACIONAL ESTÁNDAR DEL LIBRO
Número Internacional Estándar del Libro 9789875001374
035 ## - NÚMERO DE CONTROL DEL SISTEMA
Número de control de sistema (OCoLC)758075153
040 ## - FUENTE DE LA CATALOGACIÓN
Centro catalogador/agencia de origen SpMaBN
Centro/agencia transcriptor AR-RoIUNI
041 1# - CÓDIGO DE LENGUA
Código de lengua del texto/banda sonora o título independiente spa
Código de lengua original fre
080 ## - NÚMERO DE LA CLASIFICACIÓN DECIMAL UNIVERSAL
Número de la Clasificación Decimal Universal 165.21 RAN
100 1# - ENTRADA PRINCIPAL--NOMBRE DE PERSONA
Nombre de persona Rancière, Jacques
Fechas asociadas al nombre 1940-
Número de control de registro de autoridad XX1573386
240 13 - TÍTULO UNIFORME
Título uniforme <a href="Le spectateur émancipé">Le spectateur émancipé</a>
Lenguaje de la obra Español
245 13 - MENCIÓN DE TÍTULO
Título El espectador emancipado
Mención de responsabilidad, etc. Jacques Rancière
250 ## - MENCIÓN DE EDICIÓN
Mención de edición 1a. ed., 4a. reimp`.
260 ## - PUBLICACIÓN, DISTRIBUCIÓN, ETC. (PIE DE IMPRENTA)
Lugar de publicación, distribución, etc. Buenos Aires
Nombre del editor, distribuidor, etc. Manantial
Fecha de publicación, distribución, etc. 2019
300 ## - DESCRIPCIÓN FÍSICA
Extensión 136 p.
Dimensiones 22 cm.
650 #7 - PUNTO DE ACCESO ADICIONAL DE MATERIA--TÉRMINO DE MATERIA
Término de materia o nombre geográfico como elemento inicial Arte
Subdivisión general Filosofía
Fuente del encabezamiento o término embne
650 #7 - PUNTO DE ACCESO ADICIONAL DE MATERIA--TÉRMINO DE MATERIA
Término de materia o nombre geográfico como elemento inicial Representación (Filosofía)
Fuente del encabezamiento o término embne
650 10 - PUNTO DE ACCESO ADICIONAL DE MATERIA--TÉRMINO DE MATERIA
Término de materia o nombre geográfico como elemento inicial Filosofía
9 (RLIN) 77
901 ## - ELEMENTOS DE DATOS A LOCAL LDA (RLIN)
a MON1004
942 ## - ELEMENTOS DE PUNTO DE ACCESO ADICIONAL (KOHA)
Fuente del sistema de clasificación o colocación Clasificación Decimal Universal
Tipo de ítem Koha Libros
956 ## - LOCALIZACIÓN Y ACCESO ELECTRÓNICOS LOCAL (OCLC)
Nombre del host 1 2
980 ## - EQUIVALENCIA O REFERENCIA-CRUZADA-MENCIÓN DE SERIE--NOMBRE DE PERSONA/TÍTULO [LOCAL, CANADÁ]
Nombre de persona VG 254-2010
Numeración Oficina Depósito legal Vigo
Nombre de persona 978-84-96720-92-3
-- SpMaBN
Numeración BNMADRID
Subencabezamiento de forma SA
Medio 165.21
Fechas asociadas al nombre AHMo/514297
Títulos y otros términos asociados al nombre REF_SALON
Existencias
Estado de retiro Estado de pérdida Fuente del sistema de clasificación o colocación Estado dañado Excepción de préstamo Localización permanente Ubicación/localización actual Ubicación en estantería Fecha de adquisición Fuente de adquisición Número de inventario Total de préstamos Signatura topográfica completa Código de barras Fecha visto por última vez Precio válido a partir de Tipo de ítem Koha Código de colección Nota pública
    Clasificación Decimal Universal     BIBLIOTECA RIOBAMBA BIBLIOTECA RIOBAMBA BIBLIOTECA RIOBAMBA 09/02/2026 Compra 9237   165.21 RAN 9237 09/02/2026 09/02/2026 Libros Psicología psicoanalisis
    Clasificación Decimal Universal     BIBLIOTECA VENADO TUERTO BIBLIOTECA VENADO TUERTO BIBLIOTECA VENADO TUERTO 20/08/2021 Compra 6927   165.21 RAN 6927 20/08/2021 20/08/2021 Libros